Les meilleurs buteurs de l'OM par saison - Statistiques

Statistiques générales
  • Ce quiz a été pris 97 fois
  • Le résultat moyen est 24 sur 39
Statistiques - réponses
Saison Nombre de buts Nationalité Réponse % Correct
2023-24 30 Gabonais Pierre-Emerick Aubameyang
99%
2017-18 26 Français Florian Thauvin
98%
2018-19 18 Français Florian Thauvin
98%
2022-23 18 Chilien Alexis Sánchez
94%
2003-04 32 Ivoirien Didier Drogba
93%
2024-25 22 Anglais Mason Greenwood
92%
2020-21 10 Polonais Arkadiusz Milik
89%
2021-22 20 Polonais Arkadiusz Milik
89%
2019-20 12 Français Dimitri Payet
89%
2012-13 18 Français André-Pierre Gignac
86%
2013-14 22 Français André-Pierre Gignac
86%
2014-15 23 Français André-Pierre Gignac
86%
1986-87 14 Français Jean-Pierre Papin
85%
1987-88 23 Français Jean-Pierre Papin
85%
1988-89 33 Français Jean-Pierre Papin
85%
1989-90 38 Français Jean-Pierre Papin
85%
1990-91 36 Français Jean-Pierre Papin
85%
1991-92 38 Français Jean-Pierre Papin
85%
2005-06 17 Sénégalais Mamadou Niang
84%
2006-07 18 Sénégalais Mamadou Niang
84%
2007-08 23 Sénégalais Mamadou Niang
84%
2008-09 20 Sénégalais Mamadou Niang
84%
2009-10 22 Sénégalais Mamadou Niang
84%
2015-16 23 Belge Michy Batshuayi
76%
2016-17 21 Français Bafétimbi Gomis
55%
2010-11 17 Français Loïc Rémy
33%
2011-12 22 Français Loïc Rémy
33%
1992-93 29 Yougoslave Alen Bokšić
23%
1999-00 11 Ivoirien Ibrahima Bakayoko
18%
2001-02 8 Ivoirien Ibrahima Bakayoko
18%
2002-03 11 Ivoirien Ibrahima Bakayoko
18%
1993-94 16 Brésilien Sonny Anderson
18%
2000-01 9 Algérien Djamel Belmadi
16%
1997-98 14 Français Laurent Blanc
15%
1994-95 36 Irlandais Tony Cascarino
14%
1995-96 34 Irlandais Tony Cascarino
14%
1998-99 19 Français Florian Maurice
13%
2004-05 10 Français Peguy Luyindula
9%
1996-97 15 Français Xavier Gravelaine
5%
Aucun quiz correspondant
Distribution des résultats
% des personnes avec chaque résultat
Percentile par nombre de réponses
Votre historique - résultats
Vous n’avez pas pris ce quiz